| 000 | 00841cab a22002175a 4500 | ||
|---|---|---|---|
| 001 | L159221 | ||
| 008 | 160038e2016 xxk 000 0 eng d | ||
| 035 | _a(Sirsi) u159221 | ||
| 041 | 0 | _aeng | |
| 100 | 1 | _aVigus, Emma | |
| 245 | 0 | 0 | _aProfessional Indemnity Insurance (PII) and risk management for surveyors and valuers |
| 260 | _c2016 | ||
| 490 |
_aJournal of Building Survey, Appraisal & Valuation _v4(4) Spring 2016, 255-263(9) |
||
| 520 | _aProvides some useful tips on Professional Indemnity Insurance including having a good professional relationship with your insurance broker and taking steps to manage risk particularly when involved in valuation work. | ||
| 590 | _aKA | ||
| 650 | 2 | 4 |
_aDilapidations _96235 |
| 651 | 4 |
_aUnited Kingdom _y |
|
| 690 | _aBusiness and management | ||
| 700 | _aCrossingham, Robert | ||
| 942 | _n0 | ||
| 999 |
_c84837 _d84837 |
||